000 00222nam a22001097a 4500
999 _c166977
_d166977
082 _a
_b
100 _aDevaraj
245 _aDhusara sutra/
_cby Devaraj.
260 _aNew Delhi:
_bRajpal,
_c
650 _a
942 _cBK